[Event "4NCL/Div4/CAMB2 vs. OXF3"]
[Site "West Bromwich ENG"]
[Date "2006.05.28"]
[Round "10.4"]
[White "Burt, Will"]
[Black "Campbell, Mark"]
[Result "1-0"]
[WhiteElo "1985"]
[BlackElo "2005"]
[PlyCount "61"]
[EventDate "2006.05.28"]
[EventType "team"]
[EventRounds "11"]
[EventCountry "ENG"]
[SourceDate "2006.05.01"]
[WhiteTeam "Oxford 3"]
[BlackTeam "Cambridge Uni 2 "]

1. e4 c5 2. Nf3 d6 3. d4 cxd4 4. Nxd4 Nf6 5. Nc3 a6 6. Bg5 e6 7. f4 Be7 8. Qf3
Qc7 9. O-O-O Nbd7 10. Bd3 h6 11. Bh4 g5 12. Nxe6 fxe6 13. e5 gxh4 14. Bg6+ Kd8
15. exf6 Nxf6 16. Rhe1 Qc6 17. Qe2 Rg8 18. f5 Kc7 19. Rd4 b5 20. a4 Kb6 21. Qf2
Qc5 22. b4 Qxd4 23. Qxd4+ Kb7 24. a5 Ra7 25. Bf7 Rf8 26. Bxe6 Bxe6 27. Rxe6 Ka8
28. Nd5 Nxd5 29. Qxd5+ Kb8 30. Rxe7 Rxe7 31. Qxd6+ 1-0

[Event "4NCL/Div4/CAMB2 vs. OXF3"]
[Site "West Bromwich ENG"]
[Date "2006.05.28"]
[Round "10.5"]
[White "Kreuzer, Christopher"]
[Black "Smith, Jonathan"]
[Result "1/2-1/2"]
[WhiteElo "1995"]
[BlackElo "1935"]
[PlyCount "85"]
[EventDate "2006.05.28"]
[EventType "team"]
[EventRounds "11"]
[EventCountry "ENG"]
[SourceDate "2006.05.01"]
[WhiteTeam "Cambridge Uni 2 "]
[BlackTeam "Oxford 3"]

1. e4 c5 2. Nf3 e6 3. d4 cxd4 4. Nxd4 Nf6 5. Bd3 Nc6 6. c3 d5 7. Nxc6 bxc6 8.
e5 Nd7 9. f4 Qb6 10. Qe2 a5 11. g3 Ba6 12. Bxa6 Qxa6 13. Qxa6 Rxa6 14. Be3 Bc5
15. Ke2 Ke7 16. Nd2 f6 17. Nf3 Bxe3 18. Kxe3 fxe5 19. Nxe5 Nxe5 20. fxe5 Rf8
21. Rhf1 c5 22. Rxf8 Kxf8 23. b3 Rb6 24. Rb1 Ke7 25. g4 Rb7 26. h4 Kd7 27. Rb2
Kc6 28. a4 d4+ 29. cxd4 cxd4+ 30. Kxd4 Rb4+ 31. Kc3 Rxg4 32. Rd2 Rxh4 33. Rd6+
Kc5 34. Rxe6 Rh3+ 35. Kc2 Kd5 36. Ra6 Kxe5 37. Rxa5+ Kd6 38. Rb5 Kc6 39. Rg5 g6
40. a5 Kb7 41. b4 Ka6 42. Rg1 Kb5 43. Rg4 1/2-1/2

[Event "4NCL/Div4/CAMB2 vs. OXF3"]
[Site "West Bromwich ENG"]
[Date "2006.05.28"]
[Round "10.6"]
[White "Henbest, Kevin B"]
[Black "Spencer, Carl"]
[Result "0-1"]
[WhiteElo "1855"]
[BlackElo "1995"]
[PlyCount "48"]
[EventDate "2006.05.28"]
[EventType "team"]
[EventRounds "11"]
[EventCountry "ENG"]
[SourceDate "2006.05.01"]
[WhiteTeam "Oxford 3"]
[BlackTeam "Cambridge Uni 2 "]

1. e4 e6 2. d4 d5 3. Nc3 Nf6 4. e5 Nfd7 5. f4 c5 6. Nf3 Nc6 7. Be3 cxd4 8. Nxd4
Bc5 9. Nxc6 bxc6 10. Bxc5 Nxc5 11. b4 Nd7 12. Qd4 O-O 13. Bd3 a5 14. Na4 axb4
15. Qxb4 Qc7 16. Nc5 Rb8 17. Qc3 Qb6 18. Nxd7 Bxd7 19. Ke2 c5 20. Rhd1 d4 21.
Qb3 Qc6 22. Qc4 Qxg2+ 23. Ke1 Qg1+ 24. Bf1 Bb5 0-1

[Event "4NCL/Div4/KTP vs. GREN"]
[Site "West Bromwich ENG"]
[Date "2006.05.28"]
[Round "10.1"]
[White "Healey, Michael"]
[Black "Osborne, David C"]
[Result "0-1"]
[WhiteElo "2015"]
[BlackElo "2085"]
[PlyCount "54"]
[EventDate "2006.05.28"]
[EventType "team"]
[EventRounds "11"]
[EventCountry "ENG"]
[SourceDate "2006.05.01"]
[WhiteTeam "King takes Pawn"]
[BlackTeam "Grendels Mother"]

1. e4 c5 2. Nf3 e6 3. d4 cxd4 4. Nxd4 a6 5. c4 Nf6 6. Nc3 Qc7 7. Bg5 Be7 8. Be2
d6 9. O-O Nbd7 10. Kh1 b6 11. f4 Bb7 12. Bf3 Rc8 13. Rc1 h6 14. Bxf6 Nxf6 15.
b3 O-O 16. f5 Qd7 17. Qe2 Bd8 18. Qf2 Re8 19. Qg3 Bc7 20. Qh3 e5 21. Nc2 b5 22.
Nd5 Bxd5 23. cxd5 Ba5 24. b4 Bb6 25. Qh4 Rc4 26. Na1 Rxb4 27. Rc6 Nxd5 0-1

[Event "4NCL/Div4/KTP vs. GREN"]
[Site "West Bromwich ENG"]
[Date "2006.05.28"]
[Round "10.2"]
[White "Bass, John W"]
[Black "Davies, Matthew"]
[Result "1-0"]
[WhiteElo "2050"]
[BlackElo "1855"]
[PlyCount "51"]
[EventDate "2006.05.28"]
[EventType "team"]
[EventRounds "11"]
[EventCountry "ENG"]
[SourceDate "2006.05.01"]
[WhiteTeam "Grendels Mother"]
[BlackTeam "King takes Pawn"]

1. d4 d5 2. Nf3 Nf6 3. c4 e6 4. Nc3 Nbd7 5. Bf4 c6 6. e3 Be7 7. h3 b6 8. cxd5
Nxd5 9. Bg3 O-O 10. Bd3 Bb7 11. O-O Nxc3 12. bxc3 c5 13. Qe2 Nf6 14. e4 g6 15.
Rfd1 Nd7 16. Bc4 Qc8 17. Bf4 Re8 18. Rac1 Bf6 19. e5 Bg7 20. Ng5 Bh6 21. Nxe6
Bxf4 22. Nxf4 Nf8 23. Bd5 Bxd5 24. Nxd5 Nd7 25. Qg4 c4 26. Qxd7 1-0

[Event "4NCL/Div4/KTP vs. GREN"]
[Site "West Bromwich ENG"]
[Date "2006.05.28"]
[Round "10.3"]
[White "Carpenter, Dai"]
[Black "Littlejohns, David P"]
[Result "1-0"]
[WhiteElo "1900"]
[BlackElo "2085"]
[PlyCount "111"]
[EventDate "2006.05.28"]
[EventType "team"]
[EventRounds "11"]
[EventCountry "ENG"]
[SourceDate "2006.05.01"]
[WhiteTeam "King takes Pawn"]
[BlackTeam "Grendels Mother"]

1. Nf3 d5 2. c4 c6 3. d4 Nf6 4. Nc3 dxc4 5. a4 Bf5 6. Bf4 e6 7. e3 Nd5 8. Bxb8
Rxb8 9. Bxc4 Bb4 10. Bxd5 cxd5 11. O-O O-O 12. Qb3 Bxc3 13. Qxc3 Rc8 14. Qb4
Rc7 15. Rfc1 Qc8 16. Rxc7 Qxc7 17. Qc5 Qxc5 18. dxc5 Rc8 19. Rc1 Kf8 20. Rc3
Ke7 21. Kf1 f6 22. Nd4 Bg6 23. b4 a6 24. Ke2 e5 25. Nb3 Be8 26. Na5 Rc7 27. Ra3
Kd8 28. Nb3 Re7 29. Nd2 Kc7 30. Kd3 Bg6+ 31. Kc3 Rd7 32. Nb3 Bf7 33. Ra2 d4+
34. exd4 exd4+ 35. Kb2 d3 36. Ra1 Re7 37. Nd4 Re5 38. Kc3 Bg6 39. g3 a5 40. Rd1
axb4+ 41. Kxb4 Re8 42. f4 Re3 43. Kc3 b6 44. f5 Bf7 45. cxb6+ Kxb6 46. Rxd3 Re1
47. Ne6 Bxe6 48. Rd6+ Ka5 49. fxe6 Kxa4 50. Kc4 Rc1+ 51. Kd5 Kb5 52. e7 Re1 53.
Re6 Rd1+ 54. Ke4 Re1+ 55. Kf5 Rf1+ 56. Kg4 1-0

[Event "4NCL/Div4/KTP vs. GREN"]
[Site "West Bromwich ENG"]
[Date "2006.05.28"]
[Round "10.4"]
[White "Hardy, Roger"]
[Black "Smith, Stuart"]
[Result "1-0"]
[WhiteElo "2020"]
[BlackElo "1805"]
[PlyCount "51"]
[EventDate "2006.05.28"]
[EventType "team"]
[EventRounds "11"]
[EventCountry "ENG"]
[SourceDate "2006.05.01"]
[WhiteTeam "Grendels Mother"]
[BlackTeam "King takes Pawn"]

1. e4 c6 2. d4 d5 3. e5 Bf5 4. Nc3 e6 5. g4 Bg6 6. Nge2 c5 7. h4 h5 8. Nf4 cxd4
9. Nxg6 fxg6 10. Qxd4 Nc6 11. Bb5 a6 12. Bxc6+ bxc6 13. Qd3 Ne7 14. Bg5 hxg4
15. O-O-O Qc7 16. Bxe7 Qxe7 17. Qxg6+ Qf7 18. Qxg4 Kd7 19. Nxd5 cxd5 20. Rxd5+
Kc6 21. Qc4+ Kb6 22. Rd3 Bc5 23. Rb3+ Kc6 24. Qe4+ Kd7 25. Rb7+ Ke8 26. Qc6+
1-0

[Event "4NCL/Div4/KTP vs. GREN"]
[Site "West Bromwich ENG"]
[Date "2006.05.28"]
[Round "10.5"]
[White "Parry, Matthew"]
[Black "Hibbitt, Arthur M"]
[Result "1-0"]
[WhiteElo "1677"]
[BlackElo "1950"]
[PlyCount "49"]
[EventDate "2006.05.28"]
[EventType "team"]
[EventRounds "11"]
[EventCountry "ENG"]
[SourceDate "2006.05.01"]
[WhiteTeam "King takes Pawn"]
[BlackTeam "Grendels Mother"]

1. d4 e6 2. Nf3 b6 3. e3 Bb7 4. Bd3 f5 5. Nbd2 Nf6 6. c3 Be7 7. Qe2 O-O 8. e4
fxe4 9. Nxe4 Nc6 10. Nfg5 Nxe4 11. Qxe4 Rf5 12. Nxe6 Ne5 13. Nxd8 Bxe4 14. Bxe4
Rf8 15. Bxa8 Nd3+ 16. Ke2 Nxc1+ 17. Raxc1 Bxd8 18. Bd5+ Kh8 19. Rce1 c6 20. Bf3
d5 21. Kd3 c5 22. Bxd5 cxd4 23. cxd4 Bf6 24. Re4 h6 25. Rhe1 1-0

[Event "4NCL/Div4/ADD vs. FCA2"]
[Site "West Bromwich ENG"]
[Date "2006.05.28"]
[Round "10.1"]
[White "Marchant, Geoff"]
[Black "Habershon, Paul"]
[Result "0-1"]
[WhiteElo "2120"]
[BlackElo "2105"]
[PlyCount "52"]
[EventDate "2006.05.28"]
[EventType "team"]
[EventRounds "11"]
[EventCountry "ENG"]
[SourceDate "2006.05.01"]
[WhiteTeam "Addlestone"]
[BlackTeam "FCA Solutions 2"]

1. e4 Nf6 2. e5 Nd5 3. d4 d6 4. Nf3 Bg4 5. c4 Nb6 6. exd6 cxd6 7. Be3 g6 8. Nc3
Bg7 9. h3 Bxf3 10. Qxf3 Nc6 11. Rd1 O-O 12. Be2 Rc8 13. O-O e6 14. c5 dxc5 15.
dxc5 Nd7 16. Nb5 Qe7 17. Nd6 Rc7 18. Qe4 Nf6 19. Qh4 Nd5 20. Bg5 f6 21. Bd2 f5
22. Qa4 Nd4 23. Bc4 Rxc5 24. b4 Nb6 25. Qxa7 Rc6 26. Be3 Rxd6 0-1

[Event "4NCL/Div4/ADD vs. FCA2"]
[Site "West Bromwich ENG"]
[Date "2006.05.28"]
[Round "10.2"]
[White "Adebajo, Femi"]
[Black "Dupré, Paul D"]
[Result "1-0"]
[WhiteElo "2050"]
[BlackElo "2050"]
[PlyCount "153"]
[EventDate "2006.05.28"]
[EventType "team"]
[EventRounds "11"]
[EventCountry "ENG"]
[SourceDate "2006.05.01"]
[WhiteTeam "FCA Solutions 2"]
[BlackTeam "Addlestone"]

1. e4 c5 2. Nf3 Nc6 3. d4 cxd4 4. Nxd4 Nf6 5. Nc3 e5 6. Ndb5 d6 7. Bg5 a6 8.
Na3 b5 9. Nd5 Be7 10. Bxf6 Bxf6 11. c3 Bg5 12. g3 O-O 13. Bg2 Rb8 14. Nc2 Be6
15. O-O a5 16. a3 Ne7 17. Nce3 Bxe3 18. Nxe3 b4 19. cxb4 axb4 20. a4 b3 21. Qd2
Nc6 22. a5 Nd4 23. a6 Qb6 24. Kh1 Ra8 25. Qa5 Qxa5 26. Rxa5 Rfc8 27. Nf5 Bxf5
28. exf5 Ra7 29. f4 f6 30. fxe5 dxe5 31. Bd5+ Kf8 32. Kg2 Rc2+ 33. Rf2 Ke7 34.
Be4 Rc8 35. Bb7 Rb8 36. Rc5 Kd6 37. Rc3 Rd8 38. Rd2 Ke7 39. g4 Rd6 40. Rdd3 h6
41. Kh3 Kd7 42. Kh4 Rb6 43. Kh5 Kd6 44. Kg6 Rbxb7 45. axb7 Rxb7 46. Rc8 Kd5 47.
Re3 Nc6 48. Kh7 Kd4 49. Re1 Ne7 50. Rd8+ Kc4 51. Rc1+ Kb5 52. Rc3 Kb4 53. Rd6
h5 54. h3 hxg4 55. hxg4 g5 56. Kh8 Rb5 57. Rc1 Nd5 58. Rdc6 Ne3 59. R1c3 Nd5
60. R3c4+ Ka5 61. R4c5 Kb4 62. Rxb5+ Kxb5 63. Rc1 e4 64. Kg7 e3 65. Kf7 e2 66.
Ke6 Nf4+ 67. Kxf6 Nd3 68. Rg1 Kc5 69. Kxg5 Kd6 70. Kf6 e1=Q 71. Rxe1 Nxe1 72.
g5 Nf3 73. g6 Ne5 74. g7 Nd7+ 75. Kg5 Nc5 76. g8=Q Ne4+ 77. Kg6 1-0

[Event "4NCL/Div4/ADD vs. FCA2"]
[Site "West Bromwich ENG"]
[Date "2006.05.28"]
[Round "10.3"]
[White "Klein, Cornelia"]
[Black "Kendall, Paul S N"]
[Result "1/2-1/2"]
[WhiteElo "1905"]
[BlackElo "2075"]
[PlyCount "56"]
[EventDate "2006.05.28"]
[EventType "team"]
[EventRounds "11"]
[EventCountry "ENG"]
[SourceDate "2006.05.01"]
[WhiteTeam "Addlestone"]
[BlackTeam "FCA Solutions 2"]

1. e4 e5 2. Nf3 Nc6 3. Bb5 a6 4. Ba4 Nf6 5. O-O Be7 6. Re1 b5 7. Bb3 d6 8. h3
O-O 9. c3 Nd7 10. d4 Bf6 11. Be3 exd4 12. cxd4 Na5 13. Bc2 c5 14. Qc1 Nc4 15.
Nc3 Nxe3 16. Qxe3 Bb7 17. Rad1 Qc7 18. dxc5 Nxc5 19. a3 Ne6 20. Bb1 Bxc3 21.
bxc3 Rac8 22. Rc1 Nc5 23. c4 Rfe8 24. cxb5 axb5 25. Qf4 Qe7 26. Nd4 Ne6 27.
Nxe6 Qxe6 28. f3 h6 1/2-1/2

[Event "4NCL/Div4/ADD vs. FCA2"]
[Site "West Bromwich ENG"]
[Date "2006.05.28"]
[Round "10.4"]
[White "Majer, Chris E"]
[Black "Gibson, Christopher"]
[Result "1/2-1/2"]
[WhiteElo "2075"]
[BlackElo "1970"]
[PlyCount "82"]
[EventDate "2006.05.28"]
[EventType "team"]
[EventRounds "11"]
[EventCountry "ENG"]
[SourceDate "2006.05.01"]
[WhiteTeam "FCA Solutions 2"]
[BlackTeam "Addlestone"]

1. e4 c5 2. d4 cxd4 3. c3 Nf6 4. e5 Nd5 5. cxd4 e6 6. Nf3 d6 7. a3 Nc6 8. Bd3
Be7 9. O-O O-O 10. Qe2 Bd7 11. Qe4 f5 12. exf6 Nxf6 13. Qh4 Qe8 14. Bg5 g6 15.
Nc3 a6 16. Ne4 Nxe4 17. Bxe4 d5 18. Bd3 Rxf3 19. gxf3 Bxg5 20. Qxg5 Nxd4 21.
Qf6 Nc6 22. Rfe1 Qc8 23. Kh1 Qf8 24. Qxf8+ Rxf8 25. Kg2 Nd4 26. Re3 Rf6 27. Rd1
Ba4 28. Rde1 Bc2 29. Rc1 Bxd3 30. Rxd3 Nc6 31. Kg3 Rf7 32. f4 Kg7 33. b4 Kf6
34. Rb1 Ne7 35. b5 axb5 36. Rxb5 Nc6 37. Rb6 Na5 38. Rc3 Nc4 39. Rb5 Rc7 40.
Rcb3 b6 41. Kg4 h5+ 1/2-1/2

[Event "4NCL/Div4/ADD vs. FCA2"]
[Site "West Bromwich ENG"]
[Date "2006.05.28"]
[Round "10.5"]
[White "Albrecht, Theo"]
[Black "Valentine, Brian J"]
[Result "1/2-1/2"]
[WhiteElo "1855"]
[BlackElo "1990"]
[PlyCount "138"]
[EventDate "2006.05.28"]
[EventType "team"]
[EventRounds "11"]
[EventCountry "ENG"]
[SourceDate "2006.05.01"]
[WhiteTeam "Addlestone"]
[BlackTeam "FCA Solutions 2"]

1. e4 e5 2. d3 Nc6 3. c3 d5 4. Nd2 Nf6 5. Ngf3 Bc5 6. Be2 O-O 7. b4 Bd6 8. Bb2
Ne7 9. O-O Ng6 10. g3 Bh3 11. Re1 c6 12. Ng5 Bd7 13. Bf1 Ng4 14. Ngf3 f5 15.
exd5 cxd5 16. h3 Nf6 17. a3 e4 18. Nd4 Ne5 19. c4 f4 20. gxf4 Nc6 21. Nxc6 bxc6
22. cxd5 Bxf4 23. dxe4 cxd5 24. e5 Ne4 25. Nxe4 dxe4 26. Qd5+ Kh8 27. e6 Qh4
28. Qxd7 Qg5+ 29. Bg2 e3 30. Qxg7+ Qxg7 31. Bxg7+ Kxg7 32. fxe3 Bg3 33. Rf1
Rac8 34. b5 Bh4 35. Bc6 Bf6 36. Rad1 Rcd8 37. Rd7+ Rxd7 38. exd7 Kf7 39. e4 Ke7
40. e5 Rg8+ 41. Kh1 Bxe5 42. Rg1 Rf8 43. Kg2 Rg8+ 44. Kf1 Rxg1+ 45. Kxg1 Bd6
46. a4 h5 47. Kf2 h4 48. Kf3 Bb4 49. Kg4 Be1 50. a5 Bf2 51. b6 axb6 52. axb6
Bxb6 53. Kxh4 Kf7 54. Kg5 Kg7 55. Kf5 Bd8 56. Ke6 Bh4 57. Bb5 Bg5 58. Kd6 Bd8
59. Kc6 Bh4 60. Kb7 Bd8 61. Kc8 Bh4 62. d8=Q Bxd8 63. Kxd8 Kf8 64. Bc4 Kg7 65.
Ke7 Kh7 66. Kf8 Kh8 67. Kf7 Kh7 68. Bd3+ Kh8 69. Kg6 Kg8 1/2-1/2

[Event "4NCL/Div4/ADD vs. FCA2"]
[Site "West Bromwich ENG"]
[Date "2006.05.28"]
[Round "10.6"]
[White "Shaw, John S"]
[Black "Burgess, Thomas"]
[Result "1/2-1/2"]
[WhiteElo "1935"]
[BlackElo "1820"]
[PlyCount "68"]
[EventDate "2006.05.28"]
[EventType "team"]
[EventRounds "11"]
[EventCountry "ENG"]
[SourceDate "2006.05.01"]
[WhiteTeam "FCA Solutions 2"]
[BlackTeam "Addlestone"]

1. d4 d5 2. Nf3 Nf6 3. e3 g6 4. Bd3 Bg7 5. O-O O-O 6. Nbd2 b6 7. c3 Bb7 8. Ne5
Nbd7 9. f4 e6 10. Qf3 c5 11. b3 cxd4 12. cxd4 Qe7 13. a4 Rfc8 14. Ba3 Qd8 15.
Rac1 Rxc1 16. Rxc1 Rc8 17. Qd1 Bf8 18. Bxf8 Kxf8 19. Ndf3 Nxe5 20. Nxe5 Nd7 21.
Nxd7+ Qxd7 22. Rc2 Rxc2 23. Qxc2 Qc6 24. Qxc6 Bxc6 25. Kf2 a5 26. Kg3 Kg7 27.
Kh4 Bb7 28. Bb5 Kf6 29. g4 Ba8 30. Kg3 Bb7 31. h4 Ba8 32. h5 gxh5 33. gxh5 h6
34. Kg4 Bb7 1/2-1/2

[Event "4NCL/Div4/NOTT1 vs. CHED"]
[Site "West Bromwich ENG"]
[Date "2006.05.28"]
[Round "10.1"]
[White "Barnes, Michael H"]
[Black "Wallace, Paul"]
[Result "1/2-1/2"]
[WhiteElo "2200"]
[BlackElo "2235"]
[PlyCount "31"]
[EventDate "2006.05.28"]
[EventType "team"]
[EventRounds "11"]
[EventCountry "ENG"]
[SourceDate "2006.05.01"]
[WhiteTeam "Notts 1"]
[BlackTeam "Cheddleton"]

1. d4 Nf6 2. Nf3 g6 3. c4 Bg7 4. Nc3 O-O 5. Bg5 d6 6. e3 Nbd7 7. h3 c6 8. Qc2
a6 9. Be2 b5 10. O-O b4 11. Ne4 Re8 12. Rad1 a5 13. c5 d5 14. Nxf6+ exf6 15.
Bh4 Ba6 16. Rfe1 1/2-1/2

[Event "4NCL/Div4/NOTT1 vs. CHED"]
[Site "West Bromwich ENG"]
[Date "2006.05.28"]
[Round "10.2"]
[White "Acey, Gerald"]
[Black "Richmond, Robert J"]
[Result "1/2-1/2"]
[WhiteElo "2140"]
[BlackElo "2190"]
[PlyCount "77"]
[EventDate "2006.05.28"]
[EventType "team"]
[EventRounds "11"]
[EventCountry "ENG"]
[SourceDate "2006.05.01"]
[WhiteTeam "Cheddleton"]
[BlackTeam "Notts 1"]

1. Nc3 d5 2. e4 e6 3. g3 Nf6 4. Bg2 c5 5. d3 Nc6 6. Qe2 d4 7. Nd1 Be7 8. Nf3 e5
9. O-O h6 10. Ne1 g5 11. f3 Be6 12. Nf2 Qc7 13. Bd2 Nd7 14. c3 Qb6 15. Bc1
O-O-O 16. Nc2 Kb8 17. cxd4 cxd4 18. Na3 Nc5 19. b3 Qa6 20. Nc2 h5 21. Bd2 h4
22. Rfb1 Qb6 23. b4 Na4 24. b5 Na5 25. Qe1 Nc3 26. Bxc3 dxc3 27. Qxc3 hxg3 28.
hxg3 Rc8 29. Qxe5+ Bd6 30. Qd4 Qc7 31. b6 axb6 32. Qxb6 Qxb6 33. Rxb6 Bxg3 34.
Ne3 Bf4 35. Nfg4 Rc3 36. Rb5 Rxd3 37. Rxa5 Bxe3+ 38. Nxe3 Rxe3 39. Rxg5 1/2-1/2

[Event "4NCL/Div4/NOTT1 vs. CHED"]
[Site "West Bromwich ENG"]
[Date "2006.05.28"]
[Round "10.3"]
[White "Mercs, Peter J"]
[Black "Buxton, David E"]
[Result "0-1"]
[WhiteElo "2110"]
[BlackElo "2110"]
[PlyCount "78"]
[EventDate "2006.05.28"]
[EventType "team"]
[EventRounds "11"]
[EventCountry "ENG"]
[SourceDate "2006.05.01"]
[WhiteTeam "Notts 1"]
[BlackTeam "Cheddleton"]

1. e4 e6 2. d4 d5 3. e5 c5 4. c3 Nc6 5. Nf3 Qb6 6. Be2 cxd4 7. cxd4 Bd7 8. O-O
Nge7 9. Na3 Ng6 10. h4 Be7 11. g3 f6 12. h5 Nf8 13. h6 gxh6 14. Bxh6 fxe5 15.
Nxe5 Nxe5 16. dxe5 Ng6 17. Rb1 Rg8 18. Be3 Qc7 19. Bb5 Bc6 20. Rc1 Qxe5 21.
Rxc6 bxc6 22. Bxc6+ Kf7 23. Qf3+ Bf6 24. Bxa8 Rxa8 25. Nc4 Qc7 26. Bg5 Qe7 27.
Ne3 Kg7 28. Bxf6+ Qxf6 29. Qh5 Rf8 30. Ng4 Qxb2 31. Qh6+ Kh8 32. Rc1 Qb7 33.
Qe3 Nf4 34. Ne5 Nh3+ 35. Kg2 Nf4+ 36. Kf1 Nh5 37. Rc6 Nxg3+ 38. Ke1 Nf5 39. Qc3
d4 0-1

[Event "4NCL/Div4/NOTT1 vs. CHED"]
[Site "West Bromwich ENG"]
[Date "2006.05.28"]
[Round "10.4"]
[White "Bennett, Patrick"]
[Black "Truman, Richard G"]
[Result "1-0"]
[WhiteElo "2080"]
[BlackElo "2070"]
[PlyCount "77"]
[EventDate "2006.05.28"]
[EventType "team"]
[EventRounds "11"]
[EventCountry "ENG"]
[SourceDate "2006.05.01"]
[WhiteTeam "Cheddleton"]
[BlackTeam "Notts 1"]

1. d4 Nf6 2. Nf3 g6 3. c4 d5 4. cxd5 Nxd5 5. e4 Nb6 6. Nc3 Bg7 7. Be3 O-O 8.
Be2 Nc6 9. d5 Ne5 10. Nxe5 Bxe5 11. O-O c6 12. dxc6 bxc6 13. f4 Bg7 14. Qc2 Be6
15. Rad1 Qc8 16. b3 f5 17. e5 Qb7 18. Bf3 Rac8 19. Qf2 Qa6 20. Bc5 Rfe8 21. Rc1
Rc7 22. Rfd1 Nd7 23. Be3 g5 24. g3 g4 25. Bg2 Rec8 26. Na4 Qa5 27. Nc5 Nxc5 28.
Rxc5 Qa6 29. Rdc1 Bf8 30. Qc2 Bd7 31. Bf1 Qb6 32. Rc3 Qb7 33. Bc4+ e6 34. Qxf5
Bb4 35. Bxe6+ Bxe6 36. Qxe6+ Kh8 37. Qf6+ Kg8 38. Qe6+ Kh8 39. Rc4 1-0

[Event "4NCL/Div4/NOTT1 vs. CHED"]
[Site "West Bromwich ENG"]
[Date "2006.05.28"]
[Round "10.5"]
[White "Walker, Andrew N"]
[Black "Soames, Anthony R"]
[Result "1/2-1/2"]
[WhiteElo "2095"]
[BlackElo "2005"]
[PlyCount "50"]
[EventDate "2006.05.28"]
[EventType "team"]
[EventRounds "11"]
[EventCountry "ENG"]
[SourceDate "2006.05.01"]
[WhiteTeam "Notts 1"]
[BlackTeam "Cheddleton"]

1. e4 c5 2. d4 cxd4 3. c3 d3 4. Bxd3 d6 5. Nf3 Nc6 6. O-O Nf6 7. Bg5 e6 8. Nbd2
Be7 9. Qc2 h6 10. Be3 Qc7 11. h3 Bd7 12. Nd4 Nxd4 13. Bxd4 e5 14. Be3 d5 15.
Qb3 Bc6 16. f3 O-O 17. Bf2 Rfd8 18. Qc2 b6 19. exd5 Bxd5 20. Ne4 Nxe4 21. Bxe4
Bc5 22. Rad1 Bxe4 23. Qxe4 Bxf2+ 24. Kxf2 Rac8 25. Qe2 Qc5+ 1/2-1/2

[Event "4NCL/Div4/NOTT1 vs. CHED"]
[Site "West Bromwich ENG"]
[Date "2006.05.28"]
[Round "10.6"]
[White "Laurence, Geoffrey"]
[Black "Burke, Steven J"]
[Result "1/2-1/2"]
[WhiteElo "1970"]
[BlackElo "2065"]
[PlyCount "59"]
[EventDate "2006.05.28"]
[EventType "team"]
[EventRounds "11"]
[EventCountry "ENG"]
[SourceDate "2006.05.01"]
[WhiteTeam "Cheddleton"]
[BlackTeam "Notts 1"]

1. d4 g6 2. e4 d6 3. Nf3 Bg7 4. Be3 Nf6 5. Nc3 O-O 6. Qd2 Ng4 7. Bg5 a6 8. h3
Nf6 9. a4 Nc6 10. Be2 Nb4 11. O-O d5 12. e5 Ne8 13. Nd1 Nc6 14. Bd3 f6 15. exf6
exf6 16. Be3 Nd6 17. Qe2 Nb4 18. Qd2 Nc6 19. b3 Be6 20. Nc3 Qd7 21. Ne2 Ne4 22.
Bxe4 dxe4 23. Nh2 Rad8 24. Rad1 Ne7 25. Nf4 Bf7 26. Qb4 g5 27. Ne2 Nc6 28. Qd2
Rfe8 29. Rfe1 Qe7 30. Qc1 1/2-1/2

[Event "4NCL/Div4/OXF2 vs. SUFFP"]
[Site "West Bromwich ENG"]
[Date "2006.05.28"]
[Round "10.1"]
[White "Rawlinson, Aidan"]
[Black "Munson, Shaun D"]
[Result "1/2-1/2"]
[WhiteElo "2160"]
[BlackElo "2225"]
[PlyCount "108"]
[EventDate "2006.05.28"]
[EventType "team"]
[EventRounds "11"]
[EventCountry "ENG"]
[SourceDate "2006.05.01"]
[WhiteTeam "Oxford 2"]
[BlackTeam "Suffolk Punches"]

1. e4 c5 2. Nf3 Nc6 3. d4 cxd4 4. Nxd4 e5 5. Nb5 d6 6. N1c3 a6 7. Na3 b5 8. Nd5
Nf6 9. Bg5 Be7 10. Bxf6 Bxf6 11. c3 Bg5 12. Nc2 Ne7 13. Ncb4 O-O 14. a4 bxa4
15. Rxa4 a5 16. Nxe7+ Qxe7 17. Nd5 Qb7 18. b3 Kh8 19. Bc4 f5 20. exf5 Bxf5 21.
O-O Bd7 22. Ra2 Bc6 23. Qd3 a4 24. b4 e4 25. Qxe4 Rf4 26. Qxf4 Bxf4 27. Nxf4 g5
28. b5 gxf4 29. bxc6 Qxc6 30. Be2 Qxc3 31. Rd1 Qb4 32. Bf3 Re8 33. Raa1 a3 34.
h3 Rb8 35. Ra2 Qc3 36. Rda1 Rb3 37. Bd5 Rb2 38. Rxa3 Qd2 39. Bf3 Qxf2+ 40. Kh1
Qb6 41. Rd3 Rb1+ 42. Rxb1 Qxb1+ 43. Rd1 Qb4 44. Rd5 Kg7 45. Kh2 Kg6 46. Rh5 Qe1
47. Rd5 Qe6 48. Rh5 h6 49. Rd5 Kf7 50. Rh5 Ke7 51. Rd5 Qg6 52. Rh5 Qg3+ 53. Kh1
Qe1+ 54. Kh2 Qg3+ 1/2-1/2

[Event "4NCL/Div4/OXF2 vs. SUFFP"]
[Site "West Bromwich ENG"]
[Date "2006.05.28"]
[Round "10.2"]
[White "Gregory, Stephen J"]
[Black "Dickinson, Timothy R"]
[Result "0-1"]
[WhiteElo "2155"]
[BlackElo "2130"]
[PlyCount "92"]
[EventDate "2006.05.28"]
[EventType "team"]
[EventRounds "11"]
[EventCountry "ENG"]
[SourceDate "2006.05.01"]
[WhiteTeam "Suffolk Punches"]
[BlackTeam "Oxford 2"]

1. e4 c6 2. d4 d5 3. Nc3 dxe4 4. Nxe4 Nd7 5. Bg5 Ngf6 6. Qd3 Nxe4 7. Qxe4 Nf6
8. Bxf6 gxf6 9. Bc4 Qa5+ 10. c3 Qf5 11. Qxf5 Bxf5 12. Ne2 e6 13. Ng3 Bg6 14.
O-O Bd6 15. f4 f5 16. b4 h5 17. h4 Be7 18. b5 Kd7 19. Rab1 Kc7 20. Ne2 Bxh4 21.
Nc1 Be7 22. Nd3 Bd6 23. bxc6 bxc6 24. Bb3 h4 25. Kh2 Bh5 26. Rf2 Rag8 27. c4
Rg3 28. Bc2 Rb8 29. c5 Bf8 30. Rxb8 Kxb8 31. Nb4 Kc7 32. Ba4 Bg7 33. Rb2 Bxd4
34. Na6+ Kc8 35. Rb8+ Kd7 36. Rb7+ Kd8 37. Bxc6 Be3 38. Rd7+ Ke8 39. Rd3+ Kf8
40. Kh1 Bxf4 41. Bf3 h3 42. Kg1 hxg2 43. c6 Bxf3 44. c7 Bb7 45. Rxg3 Bxg3 46.
Nc5 Bxc7 0-1

[Event "4NCL/Div4/OXF2 vs. SUFFP"]
[Site "West Bromwich ENG"]
[Date "2006.05.28"]
[Round "10.3"]
[White "Scott, David A"]
[Black "Wallis, Ian"]
[Result "1/2-1/2"]
[WhiteElo "2125"]
[BlackElo "2100"]
[PlyCount "22"]
[EventDate "2006.05.28"]
[EventType "team"]
[EventRounds "11"]
[EventCountry "ENG"]
[SourceDate "2006.05.01"]
[WhiteTeam "Oxford 2"]
[BlackTeam "Suffolk Punches"]

1. d4 d5 2. Nf3 Nc6 3. Bf4 Bg4 4. e3 e6 5. h3 Bh5 6. Be2 Bd6 7. Bxd6 cxd6 8.
O-O Nf6 9. Nbd2 O-O 10. c4 dxc4 11. Nxc4 d5 1/2-1/2

[Event "4NCL/Div4/OXF2 vs. SUFFP"]
[Site "West Bromwich ENG"]
[Date "2006.05.28"]
[Round "10.4"]
[White "Lunn, Timothy"]
[Black "Rawlinson, Christopher J"]
[Result "1-0"]
[WhiteElo "2070"]
[BlackElo "2055"]
[PlyCount "45"]
[EventDate "2006.05.28"]
[EventType "team"]
[EventRounds "11"]
[EventCountry "ENG"]
[SourceDate "2006.05.01"]
[WhiteTeam "Suffolk Punches"]
[BlackTeam "Oxford 2"]

1. d4 e6 2. c4 b6 3. e4 Bb4+ 4. Nc3 Ne7 5. Bd3 O-O 6. Nge2 f5 7. O-O Bb7 8. f3
fxe4 9. fxe4 d5 10. cxd5 exd5 11. Rxf8+ Qxf8 12. Qb3 Bxc3 13. Nxc3 Qf7 14. exd5
Nc8 15. Qc2 h6 16. Bd2 Nd6 17. Rf1 Qe7 18. Bf4 Nd7 19. Bxd6 Qxd6 20. Qe2 Nf6
21. Ne4 Qb4 22. Nxf6+ gxf6 23. Qe6+ 1-0